00471 2200169 4500001002100000008004100021035002000062245006800082100001600150260003600166300002100202020001800223084001700241082000800258650001400266990002100280INLIS000000000002647 ind  a0010-0425000003 aKamus ilmu pengetahuan umum untuk umum dan pelajarcHadiat, dkk aHadiat, dkk aJakarta :bBalai pustaka,c1996 a210 hlm.c19 cm. a979-780-027-X aR. 503 Had k a503 aReferensi a01/R/SMPN7SBY/16